Statistics for Cardiff City Premier League Players

Click here to take the quiz!

General Stats

  • This quiz has been taken 169 times
  • The average score is 23 of 55

Answer Stats

The Bluebirds% Correct
Neil Etheridge
73%
Sean Morrison
71%
Sol Bamba
70%
Aron Gunnarsson
69%
David Marshall
65%
Peter Whittingham
65%
Joe Ralls
64%
Junior Hoilett
61%
Declan John
60%
Víctor Camarasa
60%
Craig Bellamy
59%
Josh Murphy
56%
Fraizer Campbell
55%
Bruno Ecuele Manga
54%
Joe Bennett
54%
Kenwyne Jones
52%
Nathaniel Mendez-Laing
52%
Gary Medel
51%
Bobby Reid
50%
Steven Caulker
48%
Kenneth Zohore
47%
Lee Peltier
47%
Callum Paterson
44%
Mark Hudson
44%
Andreas Cornelius
43%
Ben Turner
43%
Bo-kyung Kim
41%
Harry Arter
40%
Wilfried Zaha
40%
Andrew Taylor
38%
Kevin McNaughton
37%
Kadeem Harris
36%
Jordan Mutch
34%
Don Cowie
33%
Craig Noone
31%
Mats Møller Dæhli
31%
Oumar Niasse
31%
Kévin Théophile-Catherine
29%
Leandro Bacuna
29%
Magnus Wolff Eikrem
29%
Fábio da Silva
28%
Cala
27%
Danny Ward
27%
Greg Cunningham
27%
Jazz Richards
24%
Matthew Connolly
23%
Gary Madine
22%
Jo Inge Berget
22%
Peter Odemwingie
22%
Rhys Healey
21%
Joe Lewis
19%
Tom James
16%
Rudy Gestede
15%
Nicky Maynard
14%
Loïc Damour
11%

Score Distribution

Percentile by Number Answered

Percent of People with Each Score

Your Score History

You have not taken this quiz